Capitale d'Asie sur une carte. - Statistiques

Statistiques générales
  • Ce quiz a été pris 1 067 fois
    1 050 depuis la dernière actualisation
  • Le résultat moyen est 33 sur 48
Réponses sur la Carte
Les réponses sont colorées sur une échelle allant du rouge au vert en fonction du pourcentage des utilisateurs qui les ont devinées à leur premier essai. Vous pouvez retrouver ces pourcentages ci-dessous.
 
Statistiques - réponses
Pays Capitales % Correct
Chine Pékin
97%
Japon Tokyo
97%
Inde New Delhi
93%
Corée du Sud Séoul
93%
Turquie Ankara
90%
Israël Jérusalem
88%
Indonésie Jakarta
86%
Singapour Singapour
86%
Corée du Nord Pyongyang
84%
Thaïlande Bangkok
83%
Irak Bagdad
81%
Liban Beyrouth
81%
Arabie Saoudite Riyad
80%
Iran Téhéran
80%
Émirats Arabes Unis Abou Dabi
79%
Philippines Manille
78%
Koweït Koweït
76%
Afghanistan Kaboul
75%
Chypre Nicosie
75%
Syrie Damas
74%
Viêt Nam Hanoï
74%
Mongolie Oulan-Bator
74%
Taïwan Taipei
74%
Pakistan Islamabad
72%
Qatar Doha
71%
Malaisie Kuala Lumpur
70%
Azerbaïdjan Bakou
69%
Bangladesh Dacca
68%
Arménie Erevan
66%
Népal Katmandou
64%
Cambodge Phnom Penh
63%
Géorgie Tbilissi
63%
Kazakhstan Noursoultan
60%
Jordanie Amman
59%
Yémen Sanaa
59%
Maldives Malé
55%
Laos Vientiane
52%
Oman Mascate
51%
Kirghizistan Bichkek
50%
Timor oriental Dili
47%
Bahreïn Manama
47%
Ouzbékistan Tachkent
46%
Bhoutan Thimphou
43%
Birmanie Naypyidaw
42%
Tadjikistan Douchanbé
41%
Sri Lanka Sri Jayawardenepura Kotte
41%
Turkménistan Achgabat
40%
Brunei Bandar Seri Begawan
37%
Aucun quiz correspondant
Distribution des résultats
% des personnes avec chaque résultat
Percentile par nombre de réponses
Votre historique - résultats
Vous n’avez pas pris ce quiz depuis la dernière actualisation